<?xml version="1.0" encoding="UTF-8"?>
<collection xmlns="http://www.loc.gov/MARC21/slim">
  <record>
    <leader>00000nam  2200000   4500</leader>
    <controlfield tag="001">INLIS000000000012263</controlfield>
    <controlfield tag="005">20220418093804</controlfield>
    <datafield tag="035" ind1="#" ind2="#">
      <subfield code="a">0010-0422000145</subfield>
    </datafield>
    <datafield tag="245" ind1="1" ind2="#">
      <subfield code="a">PANGAN LOKAL KULINER DI ERA MILENIAL (AKALKU MILENIAL) SEKSI PENGANEKARAGAMAN DAN KEAMANAN PANGAN DINAS PERTANIAN DAN PERIKANAN KOTA BALIKPAPAN /</subfield>
      <subfield code="c">Dharmawaty,S.Pt</subfield>
    </datafield>
    <datafield tag="100" ind1=" " ind2="#">
      <subfield code="a">DHARMAWATY</subfield>
    </datafield>
    <datafield tag="250" ind1="#" ind2="#">
      <subfield code="a">1</subfield>
    </datafield>
    <datafield tag="300" ind1="#" ind2="#">
      <subfield code="a">xii, 63 halaman ; lampiran :</subfield>
      <subfield code="b">ilustrasi ;</subfield>
      <subfield code="c">30 cm</subfield>
    </datafield>
    <datafield tag="260" ind1="#" ind2="#">
      <subfield code="a">Samarinda :</subfield>
      <subfield code="b">Puslatbang KDOD,</subfield>
      <subfield code="c">2021</subfield>
    </datafield>
    <datafield tag="084" ind1="#" ind2="#">
      <subfield code="a">PKP 245 2021</subfield>
    </datafield>
    <datafield tag="650" ind1="#" ind2="4">
      <subfield code="a">Proyek Perubahan</subfield>
    </datafield>
    <datafield tag="650" ind1="#" ind2="4">
      <subfield code="a">Kepemimpinan Pengawas</subfield>
    </datafield>
    <datafield tag="650" ind1="#" ind2="4">
      <subfield code="a">aneka pangan</subfield>
    </datafield>
    <datafield tag="650" ind1="#" ind2="4">
      <subfield code="a">gizi masyarakat</subfield>
    </datafield>
    <datafield tag="650" ind1="#" ind2="4">
      <subfield code="a">ekonomi kerakyatan kreatif</subfield>
    </datafield>
    <datafield tag="650" ind1="#" ind2="4">
      <subfield code="a">bahan pangan</subfield>
    </datafield>
    <datafield tag="520" ind1="#" ind2="#">
      <subfield code="a">Laporan proyek perubahan ini menjelaskan tentang pola konsumsi  pangan masyarakat di era milenial masih belum menunjukkan pola makan yang bergizi seimbang dan beragam ditunjukan dengan tingginya konsumsi karbohidrat. Proyek Perubahan AKALKU MILENIAL (pAngan loKAL KUliner di era MILENIAL) adalah aksi perubahan untuk meningkatkan  diversifikasi / penganekaragaman konsumsi pangan di masyarakat dengan Optimalisasi Olahan Pangan Lokal sebagai kuliner di era milenial sehingga mengurangi ketergantungan bahan pangan beras dan impor (terigu) , menekan nilai inflasi di Kota Balikpapan, berkontribusi dalam pengembangan ekonomi kerakyatan kreatif dan menciptakan kuliner alternatif mendukung sektor pariwisata Balikpapan</subfield>
    </datafield>
    <datafield tag="500" ind1="#" ind2="#">
      <subfield code="a">Coach : Muhammad Harry Rahmadi, S.Pi., MM&#13;
Penguji : Windra Mariani, SH&#13;
Mentor : Netty Musriani, SE</subfield>
    </datafield>
    <controlfield tag="008">220418################|##########|#|##</controlfield>
    <datafield tag="990" ind1="#" ind2="#">
      <subfield code="a">PKP/244/2021</subfield>
    </datafield>
  </record>
</collection>
